Final Destination Characters By Death - Statistics

General Stats
  • This quiz has been taken 234 times
  • The average score is 35 of 61
Answer Stats
Movie From Death Character % Correct
Final Destination Hit by a brick Alex Browning
87%
Final Destination Strangled by a clothesline Tod Wagner
87%
Final Destination Incinerated in a hospital explosion Clear Rivers
86%
The Final Destination Dragged and blew up in a truck explosion Carter Daniels
81%
Final Destination Crushed by a swinging sign Carter Horton
81%
Final Destination Hit by a speeding bus Terry Chaney
81%
Final Destination Decapitaded by shrapnel Billy Hitchcock
79%
Final Destination 2 Drowned, revived, lives Kimberly Corman
76%
Final Destination 3 Hit by a train Wendy Christensen
74%
Final Destination 3 Split in half by a cherry picker Ian McKinley
73%
Final Destination Impaled by a knife in the chest Valerie Lewton
72%
Final Destination 2 Crushed by a glass pane Tim Carpenter
70%
Final Destination 3 Burned by a tanning bed Ashley Freund
68%
Final Destination 3 Burned by a tanning bed Ashlyn Halperin
68%
Final Destination 2 Impaled in the eye by a ladder Evan Lewis
68%
Final Destination 2 Impaled through the head with a pipe Kat Jennings
68%
Final Destination 3 Shot in the head by a nail gun Erin Ulmer
67%
Final Destination 3 Head chooped by an engine fan Frankie Cheks
66%
Final Destination 2 Car explosion/car crash Frankie Whitman
66%
Final Destination 3 Splattered between a wall and a train Kevin Fischer
66%
Final Destination 2 Decapitated by an elevator Nora Carpenter
66%
Final Destination 2 Lives Officer Thomas Burke
66%
Final Destination 5 Incinerated by Flight 180's explosion Sam Lawton
65%
Final Destination Bloodlines Impaled by a weather vane through the mouth Iris Campbell
64%
Final Destination 2 Trisected by barbed wire Rory Peters
64%
Final Destination Bloodlines Impaled by a wheelchair through an MRI machine Erik Campbell
63%
Final Destination 3 Killed by a flying train wheel Julie Christensen
61%
The Final Destination Head smashed into a wall Nick O'Bannon
61%
Final Destination 5 Fell out a window and hit a car Olivia Castle
61%
Final Destination 2 Incinerated in a hospital explosion Eugene Dix
60%
Final Destination Bloodlines Impaled by a vending machine spring Bobby Campbell
59%
Final Destination 3 Crushed by gym weights Lewis Romero
59%
Final Destination Bloodlines Crushed by a garbage truck's machinery Julia Campbell
57%
Final Destination 5 Bisected by a plane's horzontal stabilizer Molly Harper
57%
Final Destination 5 Impaled by a skewer Peter Friedkin
57%
The Final Destination Sucked out by a pool drain Hunt Wynorski
54%
Final Destination 3 Fell to death Jason Wise
52%
Final Destination 3 Impaled by a flag pole Perry Malinowski
52%
Final Destination Bloodlines Crushed by logs Charlie Reyes
50%
Final Destination Bloodlines Face shredded by a lawn mower Howard Campbell
50%
Final Destination Bloodlines Crushed by logs Stefani Reyes
50%
The Final Destination Hit by an ambulance George Lanter
49%
Final Destination 5 Limbs and spine broke from hitting the floor Candice Hooper
48%
The Final Destination Decapitated between a truck and a pillar Lori Milligan
48%
Final Destination 5 Head gets crushed by a Buddha statue Isaac Palmer
47%
Final Destination 5 Crushed by plane gear Nathan Sears
46%
Final Destination 2 Blown up by a grill Brian Gibbons
44%
The Final Destination Crushed by a truck tire Janet Cunningham
43%
The Final Destination Hit by a stone in the eye Samantha Lane
43%
Final Destination Bloodlines Died from cancer (off-screen) William Bludworth
43%
The Final Destination Hit by a propane tank into a fence Andy Kewzer
41%
Final Destination 5 Impaled by a flying wrench Dennis Lapman
41%
Final Destination 3 Fell to death Carrie Dreyer
40%
Final Destination Bloodlines Crushed by a lamp post Darlene Campbell
39%
Final Destination 5 Impaled by a hook Roy Carson
39%
The Final Destination Decapitated by a tire Nadia Monroy
34%
Final Destination 2 Car explosion/car crash Dano Estevez
32%
Final Destination 5 Shot from behind Agent Jim Block
31%
Final Destination 2 Car explosion/car crash Shaina McKlank
29%
The Final Destination Crushed by a bathtub Jonathan Groves
28%
The Final Destination Bisected by a race car hood Cynthia Daniels
21%
No matching quizzes found
Score Distribution
Percent of People with Each Score
Percentile by Number Answered
Your Score History
You have not taken this quiz